West Bromwich Albion Squad 2023-2024 - Statistics

General Stats
  • This quiz has been taken 78 times
  • The average score is 22 of 31
Answer Stats
# Position Nation Player % Correct
2 DF England Darnell Furlong
91%
3 DF England Conor Townsend
89%
5 DF England Kyle Bartley
89%
6 DF Nigeria Semi Ajayi
89%
24 GK England Alex Palmer
87%
23 FW Ireland Mikey Johnston
87%
11 FW DR Congo Grady Diangana
85%
7 FW England Jed Wallace
85%
35 MF Turkey Okay Yokuşlu
85%
4 DF Ivory Coast Cédric Kipré
84%
12 FW United States Daryl Dike
84%
9 FW Nigeria Josh Maja
84%
27 MF England Alex Mowatt
82%
8 MF Ireland Jayson Molumby
82%
21 FW Ghana Brandon Thomas-Asante
80%
- Coach Spain Carlos Corberán
80%
31 MF England Tom Fellows
78%
10 FW Scotland Matt Phillips
69%
19 MF England John Swift
67%
30 GK England Ted Cann
64%
33 GK England Josh Griffiths
62%
26 DF Spain Pipa
62%
17 MF Austria Andreas Weimann
60%
15 DF Netherlands Erik Pieters
60%
17 FW Ecuador Jeremy Sarmiento
60%
36 DF England Caleb Taylor
51%
22 MF France Yann M'Vila
47%
20 MF England Adam Reach
45%
14 MF England Nathaniel Chalobah
45%
25 FW Northern Ireland Callum Marshall
42%
16 DF England Martin Kelly
20%
No matching quizzes found
Score Distribution
Percent of People with Each Score
Percentile by Number Answered
Your Score History
You have not taken this quiz